A Cowardly bat : (Record no. 104442)
[ view plain ]
| 000 -LEADER | |
|---|---|
| fixed length control field | 00575nam a2200181 a 4500 |
| 005 - DATE AND TIME OF LATEST TRANSACTION | |
| control field | 20140412111323.0 |
| 008 - FIXED-LENGTH DATA ELEMENTS--GENERAL INFORMATION | |
| fixed length control field | 001219s19uu xx 00 eng d |
| 020 ## - INTERNATIONAL STANDARD BOOK NUMBER | |
| International Standard Book Number | 4-915249-58-1 |
| 050 ## - LIBRARY OF CONGRESS CALL NUMBER | |
| Classification number | ER |
| Item number | Co63 1989 |
| 100 ## - MAIN ENTRY--PERSONAL NAME | |
| Personal name | Hirata, Shogo |
| 245 ## - TITLE STATEMENT | |
| Title | A Cowardly bat : |
| Remainder of title | aesop's fables / |
| Statement of responsibility, etc | Shogo Hirata. |
| 260 ## - PUBLICATION, DISTRIBUTION, ETC. (IMPRINT) | |
| Place of publication, distribution, etc | Tokyo : |
| Name of publisher, distributor, etc | Joie Inc, |
| Date of publication, distribution, etc | 1989. |
| 300 ## - PHYSICAL DESCRIPTION | |
| Extent | 1 v. (unp.) ; ill. |
| 440 ## - SERIES STATEMENT/ADDED ENTRY--TITLE | |
| Title | illustrated Fantasy Book for Children |
| 500 ## - GENERAL NOTE | |
| General note | contents: a donkey and a foolish wolf -- a crow that was tricked. |
| 650 ## - SUBJECT ADDED ENTRY--TOPICAL TERM | |
| Topical term or geographic name as entry element | Children's stories - Fiction |
| Withdrawn status | Lost status | Damaged status | Use restrictions | Home library | Current library | Shelving location | Date acquired | Source of acquisition | Total Checkouts | Full call number | Barcode | Date last seen | Price effective from | Koha item type |
|---|---|---|---|---|---|---|---|---|---|---|---|---|---|---|
| Elizalde Library | Elizalde Library | Easy Reading Section | 12/19/2000 | ER Co63 1989 | E7828 | 04/12/2014 | 04/12/2014 | Books |